Charakteristiky insolvenčních řízení společností s virtuálními sídly

Spoločnosti s virtuálnym sídlom. Analýza insolvenčného riadenia podnikateľských subjektov sídliacich na virtuálnej adrese v rámci územia Českej republiky a komparácia s výsledkami subjektov sídliacich na tradičnej obvyklej adrese.

Gespeichert in:
Bibliographische Detailangaben
1. Verfasser: Smrčka, Luboš
Weitere Verfasser: Čámská, Dagmar, Aritová, Markéta, Plaček, Jan
Format: Buchkapitel
Sprache:Tschechisch
Schlagworte:
Tags: Tag hinzufügen
Keine Tags, Fügen Sie das erste Tag hinzu!

MARC

LEADER 00000nla a2200000 4500
001 0234639
005 20220727082334.3
041 0 |a cze 
044 |a CZ 
245 1 0 |a Charakteristiky insolvenčních řízení společností s virtuálními sídly  |c Luboš Smrčka, Dagmar Čámská, Markéta Aritová, Jan Plaček 
520 |a Spoločnosti s virtuálnym sídlom. Analýza insolvenčného riadenia podnikateľských subjektov sídliacich na virtuálnej adrese v rámci územia Českej republiky a komparácia s výsledkami subjektov sídliacich na tradičnej obvyklej adrese. 
610 2 0 |a podnik virtuálny 
610 2 0 |a insolventnosť 
610 2 0 |a analýza komparatívna 
610 2 0 |a Česko 
610 2 0 |a úpadok podniku 
100 1 |a Smrčka, Luboš 
700 1 |a Čámská, Dagmar 
700 1 |a Aritová, Markéta 
700 1 |a Plaček, Jan